00600nam a2200181 a 450000100100000000500170001000800410002704000250006808200150009310000270010824500610013525000120019626000440020830000270025204900090027995201130028899900170040100002778520200930031108.0091209s1986 dr a 000 0 spa d aDO-SdBNPbspacBNPHU axxxbC965m1 aCuello, Antonio92061010aMétodo práctico de mecanografía /cAntonio Cuello. a18a ed. aSanto Domingo :bEditora Taller,c1986. a72 p. :bil. ;c22 cm. aBNPD 0010718PDaPDbPDcCTd2011-04-04iLF1l0oxxx C965mp27785-10r2020-06-25w2020-06-25yLFPDZNo se presta c27277d27277